000 00625nam a22001937a 4500
003 OSt
005 20251124154355.0
008 251124b |||||||| |||| 00| 0 eng d
020 _a971-08-6814-4.
040 _aDWCL-Main lib.
_cOC
082 _aFil. 330 N362e 2008
100 _aNebres, Abriel M.
245 _aEconomics :
_bconcepts, theories, and application/
_cAbriel M. Nebres
260 _aMandaluyong City :
_bNational Book Store,
_cc2008.
300 _axvii, 312 p. :
_bill. ;
_c22 cm.
504 _aIncludes bibliographical references and index.
650 _aEconomics.
942 _2ddc
_cBK - FIL
_hFil.
_n0
999 _c6123
_d6123